00000000cam 2200000zi 4500
0019.957541
003CaOODSP
00520260603105131
006m     o  d f      
007cr cn|||||||||
008251121e202511##onc     o    f000 0 eng d
020 |a9780660798554
040 |aCaOODSP|beng|erda|cCaOODSP
043 |an-cn---
0861 |aT94-110/2025E-PDF
24500|aBuild Canada Homes proposal step-by-step guide.
24617|aProposal step-by-step guide — November 2025
264 1|aOttawa, Ontario : |bGovernment of Canada = Gouvernement du Canada, |cNovember 2025.
264 4|c©2025
300 |a1 online resource (11 pages)
336 |atext|btxt|2rdacontent
337 |acomputer|bc|2rdamedia
338 |aonline resource|bcr|2rdacarrier
500 |aCover title.
500 |aIssued also in French under title: Maisons Canada guide pas-à-pas pour une proposition.
650 0|aHousing|zCanada|xPlanning.
7101 |aCanada. |bHousing, Infrastructure and Communities Canada, |eissuing body.
77508|tMaisons Canada guide pas-à-pas pour une proposition.|w(CaOODSP)9.957544
85640|qPDF|s353 KB|uhttps://publications.gc.ca/collections/collection_2026/licc-hicc/T94-110-2025-eng.pdf
8564 |qHTML|sN/A|uhttps://housing-infrastructure.canada.ca/bch-mc/resources-ressources/step-by-step-guide-etape-eng.html